Grootste Steden van Zuid-Holland - Statistieken

Algemene statistieken
  • Deze quiz is 43 keer genomen
  • De gemiddelde score is 8 van 15
Antwoordstatistieken
Hint Antwoord % Correct
Grootste Haven Stad van Nederland Rotterdam
100%
Dit is de hoofdstad van Zuid-Holland Den Haag
97%
Goud zit in de naam Gouda
85%
Willem van Oranje werdt er Vermoord Delft
74%
De Leterlijke vertaling is: Pijn Leiden
74%
Een groene stad met veel parkenen Natuurgebieden Zoetermeer
71%
Bezit 900 Rijksmomumenten Dordrecht
68%
Licht aan de Rijn Alphen aan den Rijn
50%
Licht aan de IJsel Capelle aan den IJssel
47%
Deze stad werdt in 1572 ingenomen door de Geuzen Gorinchem
29%
Telt 17 wijken Spijkenisse
29%
Het is een maritieme vestingstad Hellevoetsluis
18%
De 60 Duizende inwoner heet:Saar Rijswijk
18%
kreeg tijdens de Tweede Wereldoorlog een landelijke bekendheid Ridderkerk
12%
Telt 65 duizend inwoners Berkel en Rodenrijs
6%
Geen overeenkomende quizzen gevonden
Scoreverdeling
Procent van Mensen met Elke Score
Percentiel versus Aantal Correcte Antwoorden
Uw Scoregeschiedenis
U heeft deze quiz nog niet genomen